000 00999nam a2200277 i 4500
003 DO-SdBNP
005 20260219105724.0
007 ta
008 110627s2001 dr 000 0 spa d
040 _aDO-SdBNP
_bspa
_cBNPHU
_erda
082 _axxxx
_bU588l
110 2 _aUniversidad Católica de Santo Domingo
_91476
245 1 0 _aLibro de graduandos :
_bprimera investidura ordinaria general de postgrado 19 de diciembre de 2001
264 1 _aSanto Domingo :
_bUniversidad Católica de Santo Domingo,
_c2001.
300 _a40 páginas
_c21 cm.
336 _2rdacontent
_atexto
_btxt
337 _2rdamedia
_asin mediación
_bn
338 _2rdacarrier
_avolumen
_bnc
490 1 _aPublicaciones de la Universidad Autónoma de Santo Domingo ;
_v1048 ;
490 1 _aActos académicos ;
_v109 ;
590 _aInventariado, 2023/ YL
650 4 _aUniversidades
_zRepública Dominicana
_9729
650 0 _aEducación superior
_zRepública Dominicana
_9730
910 _aYLockward
942 _2ddc
_cLF2
999 _c54375
_d54375